Love, sex & Marriage : (Record no. 359)
[ view plain ]
| 000 -LEADER | |
|---|---|
| fixed length control field | 00499nam a22002057a 4500 |
| 005 - DATE AND TIME OF LATEST TRANSACTION | |
| control field | 20240209043259.0 |
| 008 - FIXED-LENGTH DATA ELEMENTS--GENERAL INFORMATION | |
| fixed length control field | 240209b |||||||| |||| 00| 0 eng d |
| 020 ## - INTERNATIONAL STANDARD BOOK NUMBER | |
| ISBN | 9559033050. |
| 082 ## - DDC Classification | |
| DDC Edition Number | 22 |
| Class No. | 306.8. |
| Item Number - Author Mark | LOV. |
| 100 ## - MAIN ENTRY--PERSONAL NAME | |
| Personal name | Weerakoon, K Patricia. |
| 100 ## - MAIN ENTRY--PERSONAL NAME | |
| Personal name | Abayasekara, Anne. |
| 245 ## - TITLE STATEMENT | |
| Title | Love, sex & Marriage : |
| 250 ## - EDITION STATEMENT | |
| Edition statement | 1st. |
| 260 ## - PUBLICATION, DISTRIBUTION, ETC. | |
| Place of publication, distribution, etc. | Colombo. : |
| Name of publisher, distributor, etc. | Evangel press limited / |
| Date of publication, distribution, etc. | 1990. |
| 300 ## - PHYSICAL DESCRIPTION | |
| Extent (e.g. Volumes, Pages etc.) | x, 74 . |
| 650 ## - SUBJECT ADDED ENTRY--TOPICAL TERM | |
| Topical term or geographic name entry element | Love. |
| 650 ## - SUBJECT ADDED ENTRY--TOPICAL TERM | |
| Topical term or geographic name entry element | Sex. |
| 650 ## - SUBJECT ADDED ENTRY--TOPICAL TERM | |
| Topical term or geographic name entry element | Marriage. |
| 942 ## - Koha item type (Biblio) | |
| Koha item type | Books in Stacks (Lending) |
| Lost status | Damaged status | Collection code | Home library | Current library | Date acquired | Full call number | Accession Number | Item type |
|---|---|---|---|---|---|---|---|---|
| Lending | WERC Library | WERC Library | 02/09/2024 | 306.8. LOV. | 3853 | Books in Stacks (Lending) |
